[Event "Helsinki Chess Festival - Girls U20"]
[Site "chess24.com"]
[Date "2019.08.16"]
[Round "6"]
[White "Lehtinen, Helja"]
[Black "Olde, Margareth"]
[Result "0-1"]
[Board "3"]
[WhiteElo "1818"]
[WhiteCountry "FIN"]
[WhiteFideId "515566"]
[WhiteEloChange "-3"]
[BlackTitle "WFM"]
[BlackElo "2122"]
[BlackCountry "EST"]
[BlackFideId "4503082"]
[BlackEloChange "3"]

1. d4 {[%clk 1:30:57]} Nf6 {[%clk 1:30:55]} 2. c4 {[%clk 1:31:16]} e6 {[%clk
1:31:21]} 3. Nc3 {[%clk 1:31:04]} d5 {[%clk 1:31:01]} 4. cxd5 {[%clk 1:30:15]}
exd5 {[%clk 1:31:25]} 5. Bg5 {[%clk 1:30:09]} Be7 {[%clk 1:31:48]} 6. e3 {[%clk
1:29:57]} Nbd7 {[%clk 1:32:00]} 7. Bd3 {[%clk 1:29:27]} c6 {[%clk 1:32:25]} 8. h3
{[%clk 1:28:15]} h6 {[%clk 1:32:28]} 9. Bf4 {[%clk 1:27:45]} O-O {[%clk 1:32:42]}
10. Nf3 {[%clk 1:27:10]} b6 {[%clk 1:28:45]} 11. O-O {[%clk 1:22:39]} Bb7 {[%clk
1:28:55]} 12. Rb1 {[%clk 1:19:27]} Re8 {[%clk 1:23:51]} 13. b4 {[%clk 1:17:09]}
Bf8 {[%clk 1:21:15]} 14. Qc2 {[%clk 1:13:56]} Qe7 {[%clk 1:13:10]} 15. Ne5 {[%clk
1:04:32]} Nxe5 {[%clk 1:10:35]} 16. Bxe5 {[%clk 1:04:54]} Nd7 {[%clk 1:09:32]}
17. Bh2 {[%clk 1:04:25]} Qf6 {[%clk 1:07:54]} 18. Bf5 {[%clk 0:59:28]} Re7 {[%clk
1:02:46]} 19. a4 {[%clk 0:46:46]} g6 {[%clk 1:01:43]} 20. Bg4 {[%clk 0:45:58]} h5
{[%clk 0:59:50]} 21. Be2 {[%clk 0:45:57]} Qe6 {[%clk 0:57:37]} 22. a5 {[%clk
0:38:59]} Nf6 {[%clk 0:55:03]} 23. Na4 {[%clk 0:35:05]} Nd7 {[%clk 0:49:28]} 24.
axb6 {[%clk 0:19:16]} axb6 {[%clk 0:49:35]} 25. Bc7 {[%clk 0:15:36]} b5 {[%clk
0:46:49]} 26. Nb6 {[%clk 0:14:44]} Ra6 {[%clk 0:46:17]} 27. Nxd7 {[%clk 0:10:58]}
Rxd7 {[%clk 0:45:49]} 28. Ba5 {[%clk 0:11:19]} Bd6 {[%clk 0:43:37]} 29. Qd2
{[%clk 0:10:24]} Bb8 {[%clk 0:42:35]} 30. Rfe1 {[%clk 0:10:16]} Re7 {[%clk
0:39:52]} 31. Ra1 {[%clk 0:08:43]} Bc8 {[%clk 0:38:15]} 32. Bf3 {[%clk 0:05:41]}
Qd6 {[%clk 0:37:31]} 33. Qc3 {[%clk 0:04:18]} Re6 {[%clk 0:33:26]} 34. Qc5 {[%clk
0:03:47]} Qh2+ {[%clk 0:27:51]} 35. Kf1 {[%clk 0:04:11]} Bd6 {[%clk 0:26:47]} 36.
Qc3 {[%clk 0:04:35]} Re8 {[%clk 0:26:13]} 37. Ke2 {[%clk 0:03:27]} Bf8 {[%clk
0:23:02]} 38. Rh1 {[%clk 0:02:43]} Qd6 {[%clk 0:23:21]} 39. Rhc1 {[%clk 0:02:48]}
Kh7 {[%clk 0:21:00]} 40. Kf1 {[%clk 0:31:05]} Qd7 {[%clk 0:49:06]} 41. Qc2 {[%clk
0:28:04]} Kg8 {[%clk 0:49:05]} 42. Kg1 {[%clk 0:27:32]} Re6 {[%clk 0:48:51]} 43.
Be2 {[%clk 0:27:38]} Bb7 {[%clk 0:47:36]} 44. Bd3 {[%clk 0:26:51]} Bd6 {[%clk
0:46:23]} 45. Bf1 {[%clk 0:26:15]} Rf6 {[%clk 0:45:46]} 46. Bd3 {[%clk 0:25:59]}
Bb8 {[%clk 0:44:22]} 47. Qc5 {[%clk 0:26:06]} Ba7 {[%clk 0:44:39]} 48. Qc2 {[%clk
0:26:11]} Re6 {[%clk 0:40:50]} 49. Qd2 {[%clk 0:23:40]} Qd6 {[%clk 0:37:54]} 50.
g3 {[%clk 0:23:04]} Bb8 {[%clk 0:35:44]} 51. Bf1 {[%clk 0:21:52]} h4 {[%clk
0:35:02]} 52. Kg2 {[%clk 0:17:43]} hxg3 {[%clk 0:33:57]} 53. f4 {[%clk 0:17:31]}
Kg7 {[%clk 0:33:03]} 54. Bd3 {[%clk 0:16:06]} Re8 {[%clk 0:31:09]} 55. Rf1 {[%clk
0:14:44]} Bc8 {[%clk 0:27:21]} 56. Rae1 {[%clk 0:12:23]} Rh8 {[%clk 0:26:08]} 57.
f5 {[%clk 0:11:56]} Rh5 {[%clk 0:24:46]} 58. Qe2 {[%clk 0:09:36]} Bxf5 {[%clk
0:22:49]} 59. Bxf5 {[%clk 0:09:59]} Rxf5 {[%clk 0:23:17]} 60. Rxf5 {[%clk
0:10:20]} gxf5 {[%clk 0:23:44]} 61. Rf1 {[%clk 0:09:59]} Qe6 {[%clk 0:19:30]} 62.
Qf3 {[%clk 0:09:35]} Qe4 {[%clk 0:19:29]} 63. Qxe4 {[%clk 0:08:55]} fxe4 {[%clk
0:19:53]} 64. Rf5 {[%clk 0:08:45]} Kg6 {[%clk 0:15:40]} 65. Rf1 {[%clk 0:09:05]}
f5 {[%clk 0:15:50]} 66. Kg1 {[%clk 0:07:53]} Bd6 {[%clk 0:15:52]} 67. Kg2 {[%clk
0:08:04]} Ra8 {[%clk 0:15:48]} 0-1

[Event "Helsinki Chess Festival - Girls U20"]
[Site "chess24.com"]
[Date "2019.08.16"]
[Round "6"]
[White "Nazarova, Anastasia"]
[Black "Narva, Mai"]
[Result "0-1"]
[Board "4"]
[WhiteTitle "WFM"]
[WhiteElo "2261"]
[WhiteCountry "FIN"]
[WhiteFideId "34101737"]
[WhiteEloChange "-7"]
[BlackTitle "WIM"]
[BlackElo "2358"]
[BlackCountry "EST"]
[BlackFideId "4500512"]
[BlackEloChange "7"]

1. e4 {[%clk 1:30:58]} c5 {[%clk 1:30:50]} 2. Nf3 {[%clk 1:31:22]} e6 {[%clk
1:31:08]} 3. d4 {[%clk 1:31:47]} cxd4 {[%clk 1:31:32]} 4. Nxd4 {[%clk 1:32:14]}
Nc6 {[%clk 1:31:53]} 5. Nc3 {[%clk 1:32:39]} Qc7 {[%clk 1:32:15]} 6. Be3 {[%clk
1:33:06]} a6 {[%clk 1:32:35]} 7. Qf3 {[%clk 1:33:32]} Bd6 {[%clk 1:32:38]} 8.
O-O-O {[%clk 1:30:48]} Be5 {[%clk 1:32:48]} 9. Qg4 {[%clk 1:11:33]} Nf6 {[%clk
1:22:18]} 10. Qh4 {[%clk 1:10:21]} b5 {[%clk 1:17:00]} 11. f4 {[%clk 1:04:49]}
Bxd4 {[%clk 1:04:55]} 12. Bxd4 {[%clk 1:05:15]} Nxd4 {[%clk 0:54:13]} 13. Rxd4
{[%clk 1:05:41]} Qc5 {[%clk 0:46:24]} 14. Qf2 {[%clk 1:03:41]} b4 {[%clk
0:44:21]} 15. Nd1 {[%clk 1:03:33]} d5 {[%clk 0:37:32]} 16. exd5 {[%clk 0:53:48]}
Nxd5 {[%clk 0:35:22]} 17. Bc4 {[%clk 0:52:24]} Bb7 {[%clk 0:27:23]} 18. Qd2
{[%clk 0:39:13]} Nf6 {[%clk 0:19:08]} 19. Re1 {[%clk 0:28:26]} O-O {[%clk
0:19:10]} 20. Re5 {[%clk 0:26:18]} Qb6 {[%clk 0:18:18]} 21. Bd3 {[%clk 0:12:40]}
a5 {[%clk 0:15:46]} 22. Rb5 {[%clk 0:10:23]} Qc6 {[%clk 0:14:08]} 23. Rg5 {[%clk
0:10:34]} Kh8 {[%clk 0:06:10]} 24. Nf2 {[%clk 0:06:39]} Qb6 {[%clk 0:04:34]} 25.
Rc4 {[%clk 0:03:22]} Bd5 {[%clk 0:03:48]} 26. f5 {[%clk 0:02:35]} Bxc4 {[%clk
0:01:29]} 27. Rxg7 {[%clk 0:01:53]} Bxd3 {[%clk 0:01:07]} 28. Qh6 {[%clk
0:01:37]} Qxf2 {[%clk 0:01:05]} 0-1

[Event "Helsinki Chess Festival - Girls U20"]
[Site "chess24.com"]
[Date "2019.08.16"]
[Round "6"]
[White "Simkunaite, Gabija"]
[Black "Hina, Ariza"]
[Result "1-0"]
[Board "5"]
[WhiteElo "1978"]
[WhiteCountry "LTU"]
[WhiteFideId "12808253"]
[WhiteEloChange "4"]
[BlackElo "1737"]
[BlackCountry "NOR"]
[BlackFideId "1525441"]
[BlackEloChange "-4"]

1. e4 {[%clk 1:30:59]} e5 {[%clk 1:30:55]} 2. Nf3 {[%clk 1:31:13]} Nf6 {[%clk
1:31:13]} 3. Nc3 {[%clk 1:31:09]} Nc6 {[%clk 1:31:34]} 4. d4 {[%clk 1:31:35]} Bb4
{[%clk 1:31:00]} 5. d5 {[%clk 1:30:32]} Ne7 {[%clk 1:29:45]} 6. Bd3 {[%clk
1:30:30]} d6 {[%clk 1:29:25]} 7. a3 {[%clk 1:29:04]} Bxc3+ {[%clk 1:28:55]} 8.
bxc3 {[%clk 1:29:32]} Ng6 {[%clk 1:28:26]} 9. O-O {[%clk 1:27:01]} O-O {[%clk
1:26:57]} 10. h3 {[%clk 1:24:56]} Bd7 {[%clk 1:25:18]} 11. Be3 {[%clk 1:20:21]}
Qe7 {[%clk 1:21:26]} 12. Nh2 {[%clk 1:18:30]} c6 {[%clk 1:17:09]} 13. c4 {[%clk
1:14:30]} c5 {[%clk 1:15:03]} 14. Qe2 {[%clk 1:11:06]} b6 {[%clk 1:09:09]} 15. a4
{[%clk 1:10:19]} Rfb8 {[%clk 1:05:36]} 16. Rfb1 {[%clk 1:06:37]} Qe8 {[%clk
0:53:47]} 17. a5 {[%clk 1:00:00]} bxa5 {[%clk 0:48:39]} 18. Rxb8 {[%clk 1:00:25]}
Qxb8 {[%clk 0:48:56]} 19. Rxa5 {[%clk 1:00:41]} Qb6 {[%clk 0:49:16]} 20. Qe1
{[%clk 0:57:08]} Nh5 {[%clk 0:39:35]} 21. Be2 {[%clk 0:55:20]} Nhf4 {[%clk
0:37:14]} 22. Bg4 {[%clk 0:54:30]} Bxg4 {[%clk 0:28:12]} 23. hxg4 {[%clk
0:50:04]} f6 {[%clk 0:23:41]} 24. Qa1 {[%clk 0:40:40]} a6 {[%clk 0:16:08]} 25.
Nf3 {[%clk 0:36:21]} Ne2+ {[%clk 0:10:16]} 26. Kh2 {[%clk 0:35:33]} Nd4 {[%clk
0:10:39]} 27. Ne1 {[%clk 0:28:27]} Qb4 {[%clk 0:06:44]} 28. c3 {[%clk 0:27:52]}
Qxc4 {[%clk 0:04:55]} 29. cxd4 {[%clk 0:28:16]} exd4 {[%clk 0:05:08]} 30. Bd2
{[%clk 0:28:09]} Qe2 {[%clk 0:04:41]} 31. Qa2 {[%clk 0:26:45]} Qxe4 {[%clk
0:02:08]} 32. Nf3 {[%clk 0:20:37]} h6 {[%clk 0:01:02]} 33. Qb3 {[%clk 0:20:01]}
Qxg4 {[%clk 0:00:57]} 34. Qb7 {[%clk 0:20:05]} Qc8 {[%clk 0:01:02]} 35. Qb1
{[%clk 0:18:34]} Kf7 {[%clk 0:00:38]} 36. Qc1 {[%clk 0:17:12]} Qc7 {[%clk
0:00:37]} 37. Nxd4 {[%clk 0:17:14]} Ne7 {[%clk 0:00:36]} 38. Qc4 {[%clk 0:16:41]}
Qb7 {[%clk 0:00:37]} 39. Nc6 {[%clk 0:16:36]} Kf8 {[%clk 0:00:35]} 40. Nxe7
{[%clk 0:46:39]} Kxe7 {[%clk 0:30:46]} 41. Qe4+ {[%clk 0:38:47]} Kf8 {[%clk
0:28:02]} 42. Bf4 {[%clk 0:37:51]} Qb6 {[%clk 0:25:49]} 43. Qe6 {[%clk 0:36:52]}
Rd8 {[%clk 0:25:44]} 44. Ra3 {[%clk 0:36:37]} a5 {[%clk 0:24:47]} 45. Bxh6 {[%clk
0:36:16]} Qc7 {[%clk 0:13:30]} 46. Qxf6+ {[%clk 0:33:42]} Kg8 {[%clk 0:13:00]}
47. Bxg7 {[%clk 0:32:58]} Rd7 {[%clk 0:11:09]} 48. Qf8+ {[%clk 0:33:23]} 1-0

[Event "Helsinki Chess Festival - Girls U20"]
[Site "chess24.com"]
[Date "2019.08.17"]
[Round "7"]
[White "Hina, Ariza"]
[Black "Norlamo, Sarabella"]
[Result "0-1"]
[Board "1"]
[WhiteElo "1737"]
[WhiteCountry "NOR"]
[WhiteFideId "1525441"]
[WhiteEloChange "-4"]
[BlackElo "1998"]
[BlackCountry "FIN"]
[BlackFideId "4505344"]
[BlackEloChange "4"]

1. e4 {[%clk 1:30:58]} c5 {[%clk 1:30:55]} 2. Nc3 {[%clk 1:31:24]} Nc6 {[%clk
1:31:19]} 3. f4 {[%clk 1:31:50]} g6 {[%clk 1:31:40]} 4. Nf3 {[%clk 1:32:14]} Bg7
{[%clk 1:32:02]} 5. Bb5 {[%clk 1:32:41]} Nd4 {[%clk 1:32:11]} 6. Bc4 {[%clk
1:33:01]} e6 {[%clk 1:32:28]} 7. O-O {[%clk 1:33:00]} Ne7 {[%clk 1:32:53]} 8. a3
{[%clk 1:33:19]} d5 {[%clk 1:27:44]} 9. Be2 {[%clk 1:27:26]} O-O {[%clk 0:08:31]}
10. d3 {[%clk 1:24:49]} b6 {[%clk 1:14:57]} 11. Bd2 {[%clk 1:18:10]} Bb7 {[%clk
1:09:53]} 12. Kh1 {[%clk 0:11:44]} Rc8 {[%clk 0:59:30]} 13. Be1 {[%clk 1:01:19]}
a6 {[%clk 0:52:10]} 14. Bf2 {[%clk 0:52:09]} b5 {[%clk 0:29:07]} 15. Qd2 {[%clk
0:40:12]} Qc7 {[%clk 0:28:11]} 16. Rfc1 {[%clk 0:40:26]} Nxe2 {[%clk 0:28:31]}
17. Qxe2 {[%clk 0:40:51]} dxe4 {[%clk 0:28:31]} 18. dxe4 {[%clk 0:41:01]} Bxc3
{[%clk 0:28:41]} 19. bxc3 {[%clk 0:41:26]} Qxf4 {[%clk 0:48:39]} 20. Re1 {[%clk
0:00:33]} Rfd8 {[%clk 0:16:58]} 21. Bg3 {[%clk 0:24:13]} Qh6 {[%clk 0:17:26]} 22.
Bh4 {[%clk 0:03:29]} Rd7 {[%clk 0:05:56]} 23. Rad1 {[%clk 0:19:42]} Rxd1 {[%clk
0:08:20]} 24. Rxd1 {[%clk 0:19:54]} Nf5 {[%clk 0:06:27]} 25. exf5 {[%clk
0:14:40]} Bxf3 {[%clk 0:07:16]} 26. Qxf3 {[%clk 0:15:06]} Qxh4 {[%clk 0:07:35]}
27. fxe6 {[%clk 0:15:11]} fxe6 {[%clk 0:07:30]} 28. Qb7 {[%clk 0:15:10]} Rd8
{[%clk 0:06:44]} 29. Rf1 {[%clk 0:14:24]} Rf8 {[%clk 0:07:12]} 30. Rxf8+ {[%clk
0:14:05]} Kxf8 {[%clk 0:07:41]} 31. Qc8+ {[%clk 0:12:47]} Kf7 {[%clk 0:06:48]}
32. Qb7+ {[%clk 0:12:07]} Kf6 {[%clk 0:05:14]} 33. Qf3+ {[%clk 0:10:53]} Kg7
{[%clk 0:04:48]} 34. Qe3 {[%clk 0:08:00]} Qc4 {[%clk 0:04:09]} 35. h3 {[%clk
0:05:44]} Qf1+ {[%clk 0:04:32]} 36. Kh2 {[%clk 0:06:09]} Qf5 {[%clk 0:04:53]} 37.
Qd2 {[%clk 0:04:53]} Qd5 {[%clk 0:04:51]} 38. Qf4 {[%clk 0:04:20]} e5 {[%clk
0:04:57]} 39. Qh4 {[%clk 0:04:13]} Qd6 {[%clk 0:05:24]} 40. Qe4 {[%clk 0:34:33]}
Qc7 {[%clk 0:34:35]} 41. Kg3 {[%clk 0:32:16]} a5 {[%clk 0:24:33]} 42. Kf3 {[%clk
0:28:15]} Qf7+ {[%clk 0:04:29]} 43. Ke3 {[%clk 0:26:23]} Qf4+ {[%clk 0:19:30]}
44. Qxf4 {[%clk 0:26:48]} exf4+ {[%clk 0:19:58]} 45. Kxf4 {[%clk 0:27:09]} Kf6
{[%clk 0:12:40]} 46. Ke4 {[%clk 0:25:17]} Ke6 {[%clk 0:13:08]} 47. h4 {[%clk
0:25:04]} a4 {[%clk 0:11:08]} 48. g3 {[%clk 0:22:53]} b4 {[%clk 0:08:14]} 0-1

[Event "Helsinki Chess Festival - Girls U20"]
[Site "chess24.com"]
[Date "2019.08.17"]
[Round "7"]
[White "Narva, Mai"]
[Black "Simkunaite, Gabija"]
[Result "1-0"]
[Board "2"]
[WhiteTitle "WIM"]
[WhiteElo "2358"]
[WhiteCountry "EST"]
[WhiteFideId "4500512"]
[WhiteEloChange "2"]
[BlackElo "1978"]
[BlackCountry "LTU"]
[BlackFideId "12808253"]
[BlackEloChange "-2"]

1. e4 {[%clk 1:30:56]} c5 {[%clk 1:30:45]} 2. Nf3 {[%clk 1:31:12]} Nc6 {[%clk
1:31:04]} 3. d4 {[%clk 1:31:33]} cxd4 {[%clk 1:31:15]} 4. Nxd4 {[%clk 1:31:53]}
e5 {[%clk 1:31:32]} 5. Nb5 {[%clk 1:32:12]} a6 {[%clk 1:31:37]} 6. Nd6+ {[%clk
1:32:11]} Bxd6 {[%clk 1:32:00]} 7. Qxd6 {[%clk 1:32:35]} Qf6 {[%clk 1:32:24]} 8.
Qd1 {[%clk 1:26:25]} Qg6 {[%clk 1:31:12]} 9. Nc3 {[%clk 1:24:55]} Nge7 {[%clk
1:30:33]} 10. Be3 {[%clk 1:22:13]} d5 {[%clk 1:23:52]} 11. exd5 {[%clk 1:01:54]}
Nb4 {[%clk 1:24:06]} 12. Bd3 {[%clk 1:01:35]} Nxd3+ {[%clk 1:24:15]} 13. Qxd3
{[%clk 1:01:23]} Qxd3 {[%clk 1:23:34]} 14. cxd3 {[%clk 1:01:47]} Bf5 {[%clk
1:16:44]} 15. Bc5 {[%clk 0:33:35]} Rd8 {[%clk 1:06:38]} 16. d6 {[%clk 0:32:35]}
Nc8 {[%clk 1:05:46]} 17. O-O-O {[%clk 0:32:06]} Kd7 {[%clk 0:57:21]} 18. f3
{[%clk 0:14:47]} Kc6 {[%clk 0:53:20]} 19. Bb4 {[%clk 0:03:41]} Nxd6 {[%clk
0:52:37]} 20. g4 {[%clk 0:03:39]} Bg6 {[%clk 0:50:00]} 21. d4 {[%clk 0:03:29]}
exd4 {[%clk 0:46:48]} 22. Rxd4 {[%clk 0:03:52]} Nb5 {[%clk 0:45:46]} 23. Rc4+
{[%clk 0:03:50]} Kd7 {[%clk 0:45:17]} 24. Rd1+ {[%clk 0:04:01]} Ke6 {[%clk
0:42:39]} 25. Re1+ {[%clk 0:04:24]} 1-0

[Event "Helsinki Chess Festival - Girls U20"]
[Site "chess24.com"]
[Date "2019.08.17"]
[Round "7"]
[White "Olde, Margareth"]
[Black "Nazarova, Anastasia"]
[Result "1/2-1/2"]
[Board "3"]
[WhiteTitle "WFM"]
[WhiteElo "2122"]
[WhiteCountry "EST"]
[WhiteFideId "4503082"]
[WhiteEloChange "4"]
[BlackTitle "WFM"]
[BlackElo "2261"]
[BlackCountry "FIN"]
[BlackFideId "34101737"]
[BlackEloChange "-4"]

1. d4 {[%clk 1:30:58]} d5 {[%clk 1:30:54]} 2. c4 {[%clk 1:31:20]} e6 {[%clk
1:31:20]} 3. Nf3 {[%clk 1:31:42]} Nf6 {[%clk 1:31:45]} 4. g3 {[%clk 1:32:06]}
Bb4+ {[%clk 1:32:09]} 5. Bd2 {[%clk 1:32:29]} Be7 {[%clk 1:32:34]} 6. Bg2 {[%clk
1:32:53]} O-O {[%clk 1:32:59]} 7. O-O {[%clk 1:33:15]} c6 {[%clk 1:33:26]} 8. Qc2
{[%clk 1:33:29]} b6 {[%clk 1:33:48]} 9. Bf4 {[%clk 1:33:07]} Nbd7 {[%clk
1:33:39]} 10. Rd1 {[%clk 1:33:25]} Bb7 {[%clk 1:33:45]} 11. Ne5 {[%clk 1:32:53]}
Rc8 {[%clk 1:28:09]} 12. Nc3 {[%clk 1:28:13]} Ne8 {[%clk 1:17:14]} 13. Qa4 {[%clk
1:16:06]} a6 {[%clk 1:09:32]} 14. Qb3 {[%clk 0:51:52]} b5 {[%clk 0:56:07]} 15.
cxd5 {[%clk 0:42:24]} cxd5 {[%clk 0:49:08]} 16. Nd3 {[%clk 0:42:34]} Rc4 {[%clk
0:37:03]} 17. Be3 {[%clk 0:32:53]} Nd6 {[%clk 0:28:19]} 18. g4 {[%clk 0:23:04]}
Bf6 {[%clk 0:21:41]} 19. Bf4 {[%clk 0:20:50]} Qb6 {[%clk 0:17:35]} 20. e3 {[%clk
0:18:47]} Ne4 {[%clk 0:14:29]} 21. Nxe4 {[%clk 0:17:58]} dxe4 {[%clk 0:14:52]}
22. Nc5 {[%clk 0:17:15]} Nxc5 {[%clk 0:11:49]} 23. dxc5 {[%clk 0:17:41]} Qa5
{[%clk 0:11:00]} 24. Rac1 {[%clk 0:14:12]} Bd5 {[%clk 0:07:18]} 25. Rxc4 {[%clk
0:13:31]} bxc4 {[%clk 0:06:50]} 26. Qc2 {[%clk 0:03:55]} Qxc5 {[%clk 0:06:02]}
27. Bxe4 {[%clk 0:04:17]} Bxe4 {[%clk 0:02:51]} 28. Qxe4 {[%clk 0:04:43]} Qb5
{[%clk 0:03:15]} 29. Rc1 {[%clk 0:03:09]} Bxb2 {[%clk 0:01:26]} 30. Rxc4 {[%clk
0:03:24]} h6 {[%clk 0:01:03]} 31. Qc2 {[%clk 0:03:25]} Bf6 {[%clk 0:00:50]} 32.
Rc5 {[%clk 0:03:31]} Qd7 {[%clk 0:00:49]} 33. Rc7 {[%clk 0:02:53]} Qd5 {[%clk
0:01:12]} 34. e4 {[%clk 0:02:18]} Qd4 {[%clk 0:01:00]} 35. Rc4 {[%clk 0:01:45]}
Qa1+ {[%clk 0:00:51]} 36. Kg2 {[%clk 0:02:11]} e5 {[%clk 0:00:36]} 37. Bd2 {[%clk
0:00:58]} Rd8 {[%clk 0:00:34]} 38. Rc8 {[%clk 0:00:43]} Qd4 {[%clk 0:00:49]} 39.
Be3 {[%clk 0:00:48]} Qd7 {[%clk 0:01:09]} 40. Rxd8+ {[%clk 0:31:14]} Bxd8 {[%clk
0:31:08]} 41. h3 {[%clk 0:31:19]} Bg5 {[%clk 0:27:38]} 42. Bxg5 {[%clk 0:25:27]}
hxg5 {[%clk 0:27:58]} 43. Qc5 {[%clk 0:24:22]} Qe6 {[%clk 0:22:12]} 44. a3 {[%clk
0:24:10]} f6 {[%clk 0:22:01]} 45. a4 {[%clk 0:23:17]} Kh8 {[%clk 0:20:30]} 46. a5
{[%clk 0:21:01]} Kh7 {[%clk 0:20:49]} 47. Kf1 {[%clk 0:15:40]} Qa2 {[%clk
0:16:05]} 48. Kg2 {[%clk 0:14:12]} Qa4 {[%clk 0:13:55]} 49. Qd5 {[%clk 0:12:23]}
1/2-1/2

[Event "Helsinki Chess Festival - Girls U20"]
[Site "chess24.com"]
[Date "2019.08.17"]
[Round "7"]
[White "Diakonova, Ekaterina"]
[Black "Lehtinen, Helja"]
[Result "1-0"]
[Board "4"]
[WhiteElo "2209"]
[WhiteCountry "RUS"]
[WhiteFideId "24172936"]
[WhiteEloChange "2"]
[BlackElo "1818"]
[BlackCountry "FIN"]
[BlackFideId "515566"]
[BlackEloChange "-2"]

1. e4 {[%clk 1:30:59]} c5 {[%clk 1:30:53]} 2. Nf3 {[%clk 1:31:24]} e6 {[%clk
1:30:58]} 3. c4 {[%clk 1:31:50]} Nc6 {[%clk 1:30:14]} 4. Nc3 {[%clk 1:32:14]} e5
{[%clk 1:28:31]} 5. d3 {[%clk 1:25:35]} d6 {[%clk 1:26:31]} 6. g3 {[%clk
1:20:47]} Be7 {[%clk 1:22:44]} 7. Bg2 {[%clk 1:20:54]} f5 {[%clk 1:18:23]} 8. O-O
{[%clk 1:07:07]} Be6 {[%clk 0:59:34]} 9. Bh3 {[%clk 0:58:46]} Nd4 {[%clk
0:48:34]} 10. Nxd4 {[%clk 0:56:23]} cxd4 {[%clk 0:48:51]} 11. exf5 {[%clk
0:54:01]} Bxc4 {[%clk 0:43:32]} 12. Qa4+ {[%clk 0:53:14]} Kf8 {[%clk 0:42:14]}
13. Qxc4 {[%clk 0:52:46]} dxc3 {[%clk 0:41:31]} 14. bxc3 {[%clk 0:51:33]} Nf6
{[%clk 0:40:56]} 15. f4 {[%clk 0:36:57]} Rc8 {[%clk 0:32:15]} 16. Qb3 {[%clk
0:37:15]} Qc7 {[%clk 0:32:18]} 17. Bb2 {[%clk 0:31:12]} b6 {[%clk 0:27:42]} 18.
Rae1 {[%clk 0:26:58]} Rd8 {[%clk 0:22:45]} 19. c4 {[%clk 0:24:00]} Nd7 {[%clk
0:19:14]} 20. d4 {[%clk 0:24:10]} Bf6 {[%clk 0:18:20]} 21. fxe5 {[%clk 0:23:53]}
1-0

[Event "Helsinki Chess Festival - Girls U20"]
[Site "chess24.com"]
[Date "2019.08.17"]
[Round "7"]
[White "Limanovska, Elizabete"]
[Black "Nilssen, Ellen Fredericia"]
[Result "1-0"]
[Board "5"]
[WhiteTitle "WFM"]
[WhiteElo "2169"]
[WhiteCountry "LAT"]
[WhiteFideId "11603542"]
[WhiteEloChange "9"]
[BlackTitle "WFM"]
[BlackElo "2140"]
[BlackCountry "DEN"]
[BlackFideId "1441230"]
[BlackEloChange "-9"]

1. e4 {[%clk 1:30:11]} e6 {[%clk 1:30:52]} 2. d4 {[%clk 1:30:37]} d5 {[%clk
1:31:16]} 3. Nd2 {[%clk 1:31:05]} c5 {[%clk 1:31:31]} 4. exd5 {[%clk 1:31:30]}
exd5 {[%clk 1:31:54]} 5. Ngf3 {[%clk 1:31:52]} Nc6 {[%clk 1:32:17]} 6. Bb5 {[%clk
1:32:17]} cxd4 {[%clk 1:32:40]} 7. Nxd4 {[%clk 1:32:30]} Bd7 {[%clk 1:33:05]} 8.
N2f3 {[%clk 1:32:08]} Be7 {[%clk 1:31:26]} 9. O-O {[%clk 1:31:32]} Nf6 {[%clk
1:31:51]} 10. Re1 {[%clk 1:28:21]} O-O {[%clk 1:30:50]} 11. Bxc6 {[%clk 1:27:14]}
bxc6 {[%clk 1:27:16]} 12. Ne5 {[%clk 1:27:35]} Rc8 {[%clk 1:26:12]} 13. Nxd7
{[%clk 1:25:48]} Qxd7 {[%clk 1:26:28]} 14. Qf3 {[%clk 1:25:47]} Rfe8 {[%clk
1:13:30]} 15. Bg5 {[%clk 1:08:14]} Ne4 {[%clk 1:09:18]} 16. Bxe7 {[%clk 1:05:03]}
Qxe7 {[%clk 1:09:17]} 17. Re3 {[%clk 0:59:17]} Qb4 {[%clk 1:03:25]} 18. Nb3
{[%clk 0:56:29]} Re6 {[%clk 0:59:21]} 19. Rae1 {[%clk 0:44:20]} Rce8 {[%clk
0:52:40]} 20. c3 {[%clk 0:39:11]} Qb6 {[%clk 0:52:33]} 21. Nd4 {[%clk 0:36:05]}
Rf6 {[%clk 0:41:14]} 22. Qe2 {[%clk 0:36:04]} c5 {[%clk 0:41:29]} 23. Nb3 {[%clk
0:33:33]} Rfe6 {[%clk 0:40:10]} 24. Qd1 {[%clk 0:26:12]} Qd6 {[%clk 0:33:09]} 25.
f3 {[%clk 0:20:54]} Ng5 {[%clk 0:32:27]} 26. Qd2 {[%clk 0:18:16]} Rxe3 {[%clk
0:32:29]} 27. Rxe3 {[%clk 0:18:43]} Rxe3 {[%clk 0:32:54]} 28. Qxe3 {[%clk
0:19:09]} Ne6 {[%clk 0:33:19]} 29. Nc1 {[%clk 0:16:51]} h6 {[%clk 0:30:15]} 30.
Nd3 {[%clk 0:14:00]} d4 {[%clk 0:28:33]} 31. cxd4 {[%clk 0:12:37]} cxd4 {[%clk
0:28:37]} 32. Qe4 {[%clk 0:12:07]} a6 {[%clk 0:23:56]} 33. b4 {[%clk 0:10:04]} g6
{[%clk 0:16:35]} 34. a4 {[%clk 0:01:49]} Kh7 {[%clk 0:16:51]} 35. Qb7 {[%clk
0:06:25]} Kg7 {[%clk 0:16:59]} 36. a5 {[%clk 0:04:48]} Nf4 {[%clk 0:16:11]} 37.
Qb6 {[%clk 0:04:27]} Ne2+ {[%clk 0:13:24]} 38. Kf1 {[%clk 0:04:48]} Qe7 {[%clk
0:12:43]} 39. Qc5 {[%clk 0:04:50]} Qe3 {[%clk 0:11:07]} 40. Qe5+ {[%clk 0:35:02]}
Qxe5 {[%clk 0:41:27]} 41. Nxe5 {[%clk 0:35:29]} Nc3 {[%clk 0:37:39]} 42. Nc6
{[%clk 0:30:48]} Nd5 {[%clk 0:29:35]} 43. Ke2 {[%clk 0:29:35]} Kf6 {[%clk
0:28:45]} 44. Kd3 {[%clk 0:28:28]} Ke6 {[%clk 0:24:52]} 45. Nxd4+ {[%clk
0:28:30]} Kd6 {[%clk 0:23:46]} 46. Nc2 {[%clk 0:28:17]} Nf4+ {[%clk 0:22:56]} 47.
Kc4 {[%clk 0:28:39]} Nxg2 {[%clk 0:23:20]} 48. b5 {[%clk 0:26:55]} axb5+ {[%clk
0:21:41]} 49. Kxb5 {[%clk 0:27:04]} Kc7 {[%clk 0:22:05]} 50. a6 {[%clk 0:20:38]}
Nf4 {[%clk 0:21:17]} 51. Ne3 {[%clk 0:17:56]} g5 {[%clk 0:17:50]} 52. Nc4 {[%clk
0:16:17]} Ne6 {[%clk 0:18:05]} 53. Na5 {[%clk 0:11:30]} Nd4+ {[%clk 0:16:42]} 54.
Kc4 {[%clk 0:11:26]} Nc6 {[%clk 0:12:50]} 55. Nxc6 {[%clk 0:11:35]} Kxc6 {[%clk
0:13:11]} 56. Kd4 {[%clk 0:11:12]} f5 {[%clk 0:11:58]} 57. Ke5 {[%clk 0:10:25]}
f4 {[%clk 0:12:11]} 58. Kf5 {[%clk 0:10:29]} Kb6 {[%clk 0:11:55]} 59. h3 {[%clk
0:10:34]} Kxa6 {[%clk 0:10:16]} 60. Kg6 {[%clk 0:10:59]} 1-0